[Event "Johannesburg Redpath op"]
[Site "Johannesburg"]
[Date "2016.07.16"]
[Round "7"]
[White "Avelino, Fernandes"]
[Black "Correia, Adelino"]
[Result "1-0"]
[WhiteElo "2013"]
[BlackElo "1649"]
[PlyCount "75"]
[EventDate "2016.07.13"]
[EventType "swiss"]
[EventRounds "9"]
[EventCountry "RSA"]
[SourceTitle "CBM 173 Extra"]
[Source "ChessBase"]
[SourceDate "2016.08.29"]
[SourceVersion "1"]
[SourceVersionDate "2016.08.29"]
[SourceQuality "1"]

1. e4 c5 2. Bc4 Nc6 3. a3 Nf6 4. Nc3 Ne5 5. Ba2 d6 6. d3 g6 7. Nge2 Bg7 8. Ng3 0-0 9. f4 Neg4 10. h3 Nh6 11. 0-0 e5 12. Nce2 exf4 13. Bxf4 Kh8 14. Qd2 Nhg8 15. Rae1 Ne7 16. Bg5 Nc6 17. c3 Ne5 18. d4 cxd4 19. cxd4 Ned7 20. Rf2 Qb6 21. Ref1 d5 22. e5 Ne4 23. Nxe4 dxe4 24. Be7 Re8 25. Qg5 Nf8 26. Rxf7 Ne6 27. Qh4 g5 28. Qxe4 Bd7 29. Bf6 Bc6 30. Bxe6 Rxe6 31. Bxg7+ Kg8 32. Qf5 Be8 33. Bh6 Rxh6 34. Rg7+ Kxg7 35. Qf8+ Kg6 36. Rf6+ Qxf6 37. Qxf6+ Kh5 38. g4+ 1-0

[Event "Johannesburg Redpath op"]
[Site "Johannesburg"]
[Date "2016.07.14"]
[Round "2"]
[White "Correia, Adelino"]
[Black "Claassen, Jean Daniel"]
[Result "1-0"]
[WhiteElo "1649"]
[BlackElo "1436"]
[PlyCount "53"]
[EventDate "2016.07.13"]
[EventType "swiss"]
[EventRounds "9"]
[EventCountry "RSA"]
[SourceTitle "CBM 173 Extra"]
[Source "ChessBase"]
[SourceDate "2016.08.29"]
[SourceVersion "1"]
[SourceVersionDate "2016.08.29"]
[SourceQuality "1"]

1. e4 c5 2. Nf3 g6 3. c3 Nc6 4. Bb5 Bg7 5. 0-0 e6 6. d4 cxd4 7. cxd4 Qb6 8. Bxc6 bxc6 9. Nc3 d5 10. exd5 cxd5 11. Na4 Qb5 12. Bf4 Ne7 13. Bd6 Nf5 14. Ba3 Ba6 15. Re1 Qc4 16. Rc1 Qd3 17. Nc3 Nxd4 18. Qa4+ Bb5 19. Qb4 Bf6 20. Nxd4 Qxd4 21. Qxb5+ Kd8 22. Qc6 Rc8 23. Qd6+ Ke8 24. Nb5 Rxc1 25. Rxc1 Qb6 26. Rc8+ Bd8 27. Qe7# 1-0